Jak nazywa sie ta rocznica ślubu? - Statystyki

Ogólne statystyki
  • Ten quiz został rozwiązany 12 razy
  • Średni wynik to 7 z 24
Statystyki odpowiedzi
Rocznica Nazwa % Poprawnych
50 Złota
100%
25 Srebrna
91%
60 Diamentowa
82%
1 Papierowa
73%
40 Rubinowa
73%
5 Drewniana
64%
8 Brązowa
55%
15 Kryształowa
27%
11 Stalowa
27%
55 Szmaragdowa
27%
2 Bawełniana
18%
6 Cukrowa
18%
3 Skórzana
18%
45 Szafirowa
18%
35 Koralowa
9%
30 Perłowa
9%
20 Porcelanowa
9%
7 Wełniana
9%
10 Aluminiowa
0%
9 Gliniana
0%
12 Jedwabna
0%
13 Koronkowa
0%
14 Kości Słoniowej
0%
4 Owocowa
0%
Nie znaleziono quizów pasujących do podanych kryteriów
Rozkład punktacji
Procent ludzi z każdym wynikiem
Percentyl według liczby udzielonych odpowiedzi
Twoja historia wyników
Nie rozwiązałeś tego quizu